000 00771nam a2200265Ia 4500
003 OSt
005 20220925215754.0
006 a|||||r|||| 00| 0
007 ta
008 220923b |||||||| |||| 00| 0 eng d
020 _a9781843107798
037 _cGeneral Book
040 _aRTL
_cRTL
_beng
041 _2eng
_aeng
082 _aY:7, P5
100 _aYancy George
_9283522
245 0 _aNarrative identities
_b Psychologists engaged in sel
260 _aLondon
_bJessica Kingsley Pub
_c2005
300 _a272p
_ccm.
500 _aBibliography chapterwise
650 _aPersonality Sociology
_9271585
700 _a Hadley Susan Ed.
_9146365
942 _hY:7, P5
_cGB
_2CC
999 _c569684
_d569684